| 000 | 00853nam a2200265Ia 4500 | ||
|---|---|---|---|
| 003 | OSt | ||
| 005 | 20220925221655.0 | ||
| 006 | a|||||r|||| 00| 0 | ||
| 007 | ta | ||
| 008 | 220923b |||||||| |||| 00| 0 eng d | ||
| 020 |
_a9780262528535 _c917.15999999999997 |
||
| 037 |
_b1030168, 08/03/2016, Atlantic Publisher & Distributers _cGeneral Book |
||
| 040 |
_aRTL _cRTL _beng |
||
| 041 |
_2eng _aeng |
||
| 082 | _aX:5:(Z,318), Q5 | ||
| 100 |
_aHUBBARD Timothy P _9286897 |
||
| 245 | 0 | _aAuctions | |
| 260 |
_aLondon _bMIT Press _c2015 |
||
| 300 |
_axiii, 247p _ccm. |
||
| 500 | _aNotes: 233-262p. | ||
| 650 | _aEconomics | ||
| 700 |
_a PAARSCH Harry J _9251520 |
||
| 942 |
_hX:5:(Z,318), Q5 _cGB _2CC |
||
| 999 |
_c575044 _d575044 |
||